Trenerzy Manchesteru United - Statystyki

Ogólne statystyki
  • Ten quiz został rozwiązany 308 razy
    39 od ostatniego zresetowania
  • Średni wynik to 9 z 20
Statystyki odpowiedzi
Lata Narodowość Trener % Poprawnych
2022-2024 Holandia Erik ten Hag
97%
2024- Portugalia Ruben Amorim
97%
1986-2013 Szkocja Alex Ferguson
94%
2016-2018 Portugalia José Mourinho
86%
2014-2016 Holandia Louis van Gaal
83%
2013-2014 Szkocja David Moyes
77%
2018-2021 Norwegia Ole Gunnar Solskjaer
77%
2014 Walia Ryan Giggs
74%
2021-2022 Niemcy Ralf Rangnick
63%
2021 Anglia Michael Carrick
60%
2024 Holandia Ruud van Nistelrooy
60%
1945-1969 1970-1971 Szkocja Matt Busby
20%
1981-1986 Anglia Ron Atkinson
9%
1977-1981 Anglia Dave Sexton
6%
1958 Walia Jimmy Murphy
6%
1972-1977 Szkocja Tommy Docherty
6%
1903-1912 Anglia Ernest Mangnall
3%
1971-1972 Irlandia Frank O'Farrell
3%
1932-1937 Szkocja Scott Duncan
3%
1969-1970 Anglia Wilf McGuinness
3%
Nie znaleziono quizów pasujących do podanych kryteriów
Rozkład punktacji
Procent ludzi z każdym wynikiem
Percentyl według liczby udzielonych odpowiedzi
Twoja historia wyników
Nie rozwiązałeś tego quizu od ostatniego zresetowania